000
00280nam a2200109Ia 4500
008
231219s9999 xx 000 0 und d
041
_a
eng
100
_a
Eugene F.Brigham.
245
_a
Fundamentals Of Financial Management.
260
_b
The Dryden Press.
650
_a
Management
999
_c
974657
_d
974657